000 01009nam a22002177a 4500
003 OSt
005 20210316142726.0
008 210316s2009 ck ao||gr|||| 00| 0 spa d
020 _a9789589925607
040 _aCO-JMCR
_cCO-JMCR
041 1 _aspa
082 0 4 _a338.00986 /
_bC721h
_223
110 2 _aColpatria
_936180
245 1 0 _aHechos a pulso :
_brostros de la Colombia productiva /
_cColpatria
260 _aBogotá :
_bUna tinta medios,
_c2009
300 _a127 páginas :
_bilustraciones y fotografías a color ;
_c29 cm.
505 0 _aEl proceso de la construcción a través de sus protagonistas -- Creadores de obras de impacto, grandes proyectos de infraestructura -- Forjadores de ciudades, Proyectos urbanos -- Construcción de hogares, Sueños de vivienda -- Artífices de calidad de vida, Espacios vanguardistas -- Edificadores de futuro, Arquitectura verde
650 1 4 _aConstrucción
_zColombia
_936181
650 2 4 _xConstrucción
_aInversiones privadas
_936182
942 _2ddc
_cBK
999 _c15400
_d15400